000 00812nam a2200241Ia 4500
001 11046
003 GE_BSU
008 181216s||||||||xx |||||||||||||| ||und||
020 _a9785496000307
040 _cGE_BSU
080 _a159.9
100 _aХьелл,Л.
245 _aТеории личности=Personality Theories:Основные положения,исследования и применение.
245 _cНлучные ред.Ю.Ковалев и др.
250 _a3-е изд.
260 _aМосква
260 _bПитер.
260 _c2013.
300 _a607стр,илл,24см.
541 _h48л.
653 _aТеории личности=Personality Theories:Основные положения,исследования и применение.
942 _cBK
999 _c44288
_d44288